| Tag |
First Indicator |
Second Indicator |
Subfields |
| LEADER |
00000pam a2200000 a 4500 |
| 001 |
in00000096091 |
| 005 |
20150923173945.0 |
| 008 |
810615s1982 ctuab b 00110 eng |
| 010 |
|
|
|a 81011697
|
| 020 |
|
|
|a 0300027230 :
|c $32.50
|
| 035 |
|
|
|a (OCoLC)07574538
|
| 035 |
|
|
|9 AAK8483AM
|
| 039 |
0 |
|
|a 2
|b 3
|c 3
|d 3
|e 3
|
| 040 |
|
|
|a DLC
|c DLC
|d TXA
|d UtOrBLW
|
| 041 |
1 |
|
|a eng
|h chi
|
| 043 |
|
|
|a a-cc---
|
| 049 |
|
|
|a TXAM
|c [388676]
|
| 050 |
0 |
0 |
|a DS748
|b W37 1982
|
| 082 |
0 |
|
|a 951/.01
|2 19
|
| 100 |
1 |
|
|a Wang, Zhongshu,
|d 1925-
|
| 245 |
1 |
0 |
|a Han civilization /
|c Wang Zhongshu ; translated by K.C. Chang and collaborators.
|
| 264 |
|
1 |
|a New Haven :
|b Yale University Press,
|c [1982]
|
| 264 |
|
4 |
|c ©1982
|
| 300 |
|
|
|a xx, 261 pages :
|b illustrations, maps ;
|c 25 cm.
|
| 336 |
|
|
|a text
|b txt
|2 rdacontent
|
| 337 |
|
|
|a unmediated
|b n
|2 rdamedia
|
| 338 |
|
|
|a volume
|b nc
|2 rdacarrier
|
| 490 |
1 |
|
|a Early Chinese civilization series
|
| 500 |
|
|
|a "... a series of nine lectures on Han Dynasty archaeology ... "-- Foreword.
|
| 500 |
|
|
|a Includes index.
|
| 504 |
|
|
|a Bibliography: pages 233-235.
|
| 651 |
|
0 |
|a China
|x History
|y Han dynasty, 202 B.C.-220 A.D.
|
| 651 |
|
0 |
|a China
|x Civilization
|y 221 B.C.-960 A.D.
|
| 651 |
|
0 |
|a China
|x Antiquities.
|
| 700 |
1 |
|
|a Chang, Kwang-chih.
|
| 830 |
|
0 |
|a Early Chinese civilization series.
|
| 999 |
|
|
|a MARS
|
| 999 |
f |
f |
|s 25a66197-47e0-3d9d-85e8-5338829f18eb
|i 87d1d6e4-42bd-3e79-9d10-78c450c61a62
|t 0
|
| 952 |
f |
f |
|p normal
|a Texas A&M University
|b College Station
|c Sterling C. Evans Library
|d Evans: Library Stacks
|t 0
|e DS748 W37 1982
|h Library of Congress classification
|i unmediated -- volume
|m A14806034193
|
| 998 |
f |
f |
|a DS748 W37 1982
|t 0
|l Evans: Library Stacks
|